000
00259nam a22001097a 4500
008
180803b xxu||||| |||| 00| 0 eng d
082
_a
813.52
245
_a
Al-Kitaab with DVDs
_c
KRISTEN BRSATAD
300
_a
1
_f
DVD
440
_x
158901104 X
942
_2
ddc
_c
MX
999
_c
46765
_d
46765